| 000 | 00528nam a2200193Ia 4500 | ||
|---|---|---|---|
| 005 | 20250508153440.0 | ||
| 008 | 008 250505s9999 xx 000 0 eng d | ||
| 037 | _aBooks to be hide in OPAC | ||
| 040 |
_aFEDL _beng _cFEDL |
||
| 041 |
_aeng _2eng |
||
| 084 |
_a373, UNI/O _qFEDL |
||
| 100 | _aGaumnitz Walter H | ||
| 245 | 0 | _aBroadening the services of small high schools | |
| 260 | _c1955 | ||
| 300 | _ax,43p. | ||
| 700 |
_a Wright Grace S _9764043 |
||
| 942 |
_cHB _h373, UNI/O |
||
| 999 |
_c1342958 _d1342958 |
||